00785nam a2200241 4500003000400000005001700004008004100021040001800062041001300080050002200093100003100115245010200146264004300248300003500291336002200326337002400348338002400372500004600396650003800442700003200480942001400512999001700526OSt20260601193839.0260504t1955 enka|||| |||| 00| 0 eng d aICIbspacICI aenggger aNA7451bY615 1955 1aYoshida, Tetsuro, eautor. 1aThe japanese house and garden / cTetsuro Yoshida ; translated from the German by Marcus Q. Sims. aLondon : bArchitectural Press, c1955 a204 páginas :bilustraciones atexto2rdacontent asin medio2rdamedia avolumen2rdacarrier aTitulo original: Das japanische wohnhaus. 12Arquitectura domésticaxJapón aSims, Marcus Q.,etraductor 2lcccBn1 c21359d21359